Corrupcin̤ electoral Delitos e infracciones electorales /

Bibliographic Details
Main Author: Gonzl̀ez Lagier, Daniel
Format: eBook
Language:Spanish
Published: Madrid: Dykinson, 2019
Subjects:
Online Access:Acceso restringido

MARC

LEADER 00000nam a22000007a 4500
005 20190830221539.0
007 cr|||| ||||
008 190830s2019 es |||||s|||| 00||0 spa d
020 |a 978-84-1324-227-9 
035 |a 24203 
040 |a vLex 
090 |c 9336  |d 9336 
100 1 |a Gonzl̀ez Lagier, Daniel 
245 1 0 |a Corrupcin̤ electoral  |h [Recurso electrn̤ico] :  |b Delitos e infracciones electorales /  |c Daniel Gonzl̀ez Lagier 
256 |a Servicio en ln̕ea 
260 |a Madrid:  |b Dykinson,  |c 2019 
300 |a 1 recurso electrn̤ico 
500 |a La corrupcin̤ electoral, definida como aquel conjunto de acciones u omisiones que tienen por finalidad alterar los legt̕imos resultados que deba̕n haberse proclamado tras la celebracin̤ de un proceso electoral, conforma la forma ms̀ importante de corrupcin̤ polt̕ica. Manipular un proceso electoral supone el atentado ms̀ elemental a las estructuras ms̀ esenciales del sistema polt̕ico democrt̀ico. Si esta corrupcin̤ se centra en el proceso electoral no cabe duda que ser ̀el periodo electoral el que adquiera una especial relevancia, con las peculiaridades que ello implica. Ello permite la construccin̤ de conceptos propios que sl̤o adquieren tal especificidad dentro del periodo electoral y en el desarrollo del proceso electoral. As ̕sucede, por ejemplo con la condicin̤ de “funcionario pb︢lico” del sujeto activo o el carc̀ter de “documento pb︢lico”, conceptos que adquieren unas dimensiones muy diferentes a las que tienen en el que pudiřamos llamar Derecho sancionador comn︢, pero que se proyectan de forma especf̕ica en el proceso electoral y que son esenciales para garantizar la limpieza del sufragio. Al respecto, la Ley Orgǹica 5/1985, de 19 de junio, del Rǧimen Electoral General en su Capt̕ulo VIII, rubricado “Delitos e infracciones electorales”, recoge un sistema sancionador especf̕ico en materia electoral, distinguiendo, de un lado, las conductas especf̕icas constitutivas de delito electoral, y, de otro, una clùsula genřica relativa a la consideracin̤ de infraccin̤ electoral administrativa a toda infraccin̤ de las normas obligatorias establecidas en la Ley electoral que no hayan sido calificadas expresamente como delito. 
506 1 |a Disponible solo en los productos indicados  |d vLex Global  |d vLex Global (Academic Edition, excluding Law Schools)  |d vLex Global (U.S. Academic Edition, Law Schools)  |d vLex Global (U.S. Academic Edition, excluding Law Schools)  |d vLex Global (Academic Edition, Law Schools) 
650 0 4 |a Derecho Procesal  |z Espaą 
740 0 |a vLex Libros (Servicio en ln̕ea) 
856 4 0 |u http://vlex.com/source/corrupcion-electoral-delitos-e-infracciones-electorales-24203  |z Acceso restringido 
942 |c BOOK 
999 0 |a Procedural law